Wealth from waste: Trends And Technologies (Record no. 14242)
[ view plain ]
| 000 -LEADER | |
|---|---|
| fixed length control field | 00375nam a22001457a 4500 |
| 020 ## - INTERNATIONAL STANDARD BOOK NUMBER | |
| ISBN | 9788179934241 |
| 082 ## - DEWEY DECIMAL CLASSIFICATION NUMBER | |
| Classification number | 628.44 |
| Item number | BAN/WE |
| 245 ## - TITLE STATEMENT | |
| Title | Wealth from waste: Trends And Technologies |
| 250 ## - EDITION STATEMENT | |
| Edition statement | 3 |
| 260 ## - PUBLICATION, DISTRIBUTION, ETC. (IMPRINT) | |
| Place of publication | New Delhi |
| Name of publisher | The Energy and Resource Institute |
| Year of publication | 2011 |
| 300 ## - PHYSICAL DESCRIPTION | |
| Number of Pages | 457 |
| 700 ## - ADDED ENTRY--PERSONAL NAME | |
| Personal name | Banwari Lal |
| 700 ## - ADDED ENTRY--PERSONAL NAME | |
| Personal name | Priyangshu, M . Sarma |
| 942 ## - ADDED ENTRY ELEMENTS (KOHA) | |
| Koha item type | Books |
| Withdrawn status | Lost status | Damaged status | Collection code | Home library | Current library | Shelving location | Date acquired | Source of acquisition | Cost, normal purchase price | Full call number | Accession Number | Koha item type |
|---|---|---|---|---|---|---|---|---|---|---|---|---|
| KAUAET | KAUAET | General Stacks | 08/06/2016 | Aman Book Stall Calicut | 750.00 | 628.44 BAN/WE | 24665 | Books |
